| 000 | 00491nam a2200181Ia 4500 | ||
|---|---|---|---|
| 005 | 20250326141950.0 | ||
| 008 | 250326s9999 xx 000 0 und d | ||
| 037 | _aTextbook | ||
| 040 |
_aFMSL _beng _cFMSL |
||
| 041 |
_aeng _2eng |
||
| 084 | _qFMSL | ||
| 100 |
_aFerdez J N _9745370 |
||
| 245 | 0 |
_aIntroduction to computer programming _cFerdez J N; Ashley R |
|
| 260 |
_aNew York _bNew York, Johen Wiley & sons _c1984 |
||
| 300 | _a310p | ||
| 942 | _cTB | ||
| 999 |
_c1292819 _d1292819 |
||